| 000 | 01420nam a22002777a 4500 | ||
|---|---|---|---|
| 005 | 20150121121823.0 | ||
| 008 | 091210s2009 ke ab b i001 0 eng d | ||
| 020 | _a9789280729764 | ||
| 040 |
_aZCU _cZCU _dZCU _dMUU _dDLC _dCO-BoIAVH |
||
| 041 | _aeng | ||
| 082 | 0 | 4 |
_a333.9164 _bA84a |
| 245 | 0 | 3 |
_aAn assessment of assessments : _bfindings of the Group of Experts pursuant to UNGA Resolution 60/30 / _c[UNESCO-Intergovernmental Oceanographic Commission ; United Nations Environment Programme]. |
| 260 |
_aMalta : _bUnited Nations Environment Programme ; _bUNESCO-Intergovernmental Oceanographic Commission, _cc2009. |
||
| 300 |
_a3 v., 432 p. _bil., _c21 cm. |
||
| 500 | _a"Start-up phase of a regular process for global reporting and assessment of the state of the marine environment including socio-economic aspects"-- en la cubierta. | ||
| 504 | _aIncluye referencias bibliográficas e índices | ||
| 505 | 0 | _a[1] AoA report -- [2] Regional and supra-regional summaries and technical annexes -- [3] Summary for decision makers. | |
| 650 | 0 |
_aMarine ecology. _931798 |
|
| 650 | 6 |
_aEcología marina _931799 |
|
| 650 | 6 |
_aConservación de los recursos marinos _931800 |
|
| 650 | 0 |
_aMarine ecosystem management. _931801 |
|
| 650 | 0 |
_aMarine resources development. _931802 |
|
| 710 | 2 |
_aIntergovernmental Oceanographic Commission. _931803 |
|
| 710 | 2 |
_aUnited Nations Environment Programme. _98871 |
|
| 942 |
_2ddc _cLIBRO |
||
| 999 |
_c9033 _d9033 |
||